000 00515nam a2200205Ia 4500
003 OSt
005 20230427090507.0
008 210423s2013 xx 000 0 und d
020 _a9780749467104
040 _cAL
041 _aeng
082 _a658.4012 FINH
_223
100 _aFINCH (Brian).
_993660
245 _aHow to write a business plan.
260 _aNew Delhi
_bKogan Page Ltd
_c2013
300 _aviii,179
_bPB
365 _b250
_cINR
906 _abusiness ; How ; plan. ; write
942 _2ddc
_cBK
999 _c161724
_d161724